|
|
|
|
| LEADER |
00877nam a2200241 a 4500 |
| 001 |
14288389 |
| 008 |
091110s2008 maua b 001 0 eng d |
| 010 |
|
|
|a 2006044445
|
| 020 |
|
|
|a 9780073281476 (alk. paper)
|
| 020 |
|
|
|a 0073281476 (alk. paper)
|
| 040 |
|
|
|a DLC
|c DLC
|d DLC
|
| 082 |
0 |
0 |
|a 338.5
|2 22
|
| 100 |
1 |
|
|a Slavin, Stephen L.
|
| 245 |
1 |
0 |
|a Microeconomics /
|c Stephen L. Slavin.
|
| 250 |
|
|
|a 8th ed.
|
| 260 |
|
|
|a Boston, Mass. :
|b McGraw-Hill,
|c c2008.
|
| 300 |
|
|
|a xxi, 503 p. :
|b ill. ;
|c 28 cm.
|
| 504 |
|
|
|a Includes bibliographical references and index.
|
| 541 |
1 |
|
|e 00017367
|
| 650 |
|
0 |
|a Microeconomics.
|
| 852 |
4 |
|
|a Ayesha Abed Library
|j General Shelf.
|
| 999 |
|
|
|c 5330
|d 5330
|
| 952 |
|
|
|0 0
|1 0
|2 ddc
|4 0
|6 338_500000000000000_SLA_2008
|7 0
|8 NFIC
|9 5192
|a BRACUL
|b BRACUL
|c GEN
|d 2009-11-10
|g 170.00
|l 14
|m 22
|o 338.5 SLA
|p 3010017367
|r 2016-11-29
|s 2016-09-19
|t 1
|v 340.00
|w 2009-11-10
|y BK
|